| 000 | 00423cam a2200157ua 4500 | ||
|---|---|---|---|
| 041 |
_aeng _h |
||
| 082 |
_a005.133 _bBAL/PR |
||
| 100 | _aBalagurusamy, E . | ||
| 245 |
_aProgramming with Java A primer / _cE. Balaguruswami. _hTextual Documents |
||
| 250 |
_a3 / _b. |
||
| 260 |
_aNew Delhi : _bTata Mc-Graw Hill Publishing Company , _c2007. |
||
| 300 |
_a488 ; _e`. |
||
| 504 | _a | ||
| 942 | _cBK | ||
| 999 |
_c13063 _d13063 |
||